000 00701nam a2200217Ia 4500
003 GCL
008 140319s9999 xx 000 0 ara d
040 _aGCL /
_cGCL
082 0 4 _a154.22
_bل م
100 1 _aلابين، دالاس د
245 1 0 _aمفهوم الذات: اسسة النظريه والتطبيقيه /
_cلابين، دالاس د
700 1 _aجرين، بيرت
700 1 _aفوزى بهلول (ترجمه)
700 1 _aسيد خيرالله (مراجعه)
300 _a169 ص
490 _a
650 0 4 _aالتحليل النفسى
650 0 4 _aالاختبارات والقياسات التعليمية
650 0 4 _aالانا والذات
942 _2ddc
_cBK
999 _c39035
_d39035